000
00340 a2200157 4500
001
148941
040
_c
Escola São Tomás de Aquino
100
_a
PAULI, Lorenz
240
1
0
_a
Biblioteca???
_l
por
245
1
0
_a
Biblioteca???
300
_a
27
362
0
_a
2012
440
1
_a
Brinque-book
697
_a
*LITERATURA INFANTO
942
_c
BK
999
_c
148941
_d
148941